000 00808nam a2200217Ii 4500
003 JO-AjNU
008 230605s9999||||xx |||||||||||||| ||und||
017 _a1995/3/273
040 _aJO-AjNU
_bara
_erda
_cJO-AjNU
041 _aara
050 1 4 _aJF56.A7.B366.1995
100 3 _aالعواملة ، منصور صالح ,
_eauthor
_936891
245 0 0 _aالوسيط في النظم السياسية ، المجلد الرابع ، الكتاب الثاني
250 _aط1
264 3 1 _aمنصور صالح العواملة ،1995
300 _aمج4، الكتاب الثاني، 435ص
336 _atext
_btxt
_2rdacontent
337 _aunmediated
_bn
_2rdamedia
338 _avolume
_bnc
_2rdacarrier
650 4 _aالسياسة -- نظم -- القانون الدستوري الاردني
_936892
999 _aA15367
_c18935
_d18935